Normal view MARC view

Entry Nombre personal

Number of records used in: 1

001 - NÚMERO DE CONTROL

  • campo de control: 163901

003 - IDENTIFICADOR DE NÚMERO DE CONTROL

  • campo de control: SpMaBN

005 - FECHA Y HORA DE LA ÚLTIMA TRANSACCIÓN

  • campo de control: 20250802022258.0

008 - ELEMENTOS DE DATO DE LONGITUD-FIJA

  • campo de control de longitud fija: 110803n|#azznnaabn |n aac ##

040 ## - FUENTE DE CATALOGACIÓN

  • Centro catalogador/agencia de origen: SpMaBN
  • Lengua de catalogación: spa
  • Centro/agencia transcriptor: SpMaBN
  • Normas de descripción: rdc
  • Convención/Normas de encabezamiento de materia/tesauro: embne

100 1# - ENCABEZAMIENTO-NOMBRE DE PERSONA

  • Nombre de persona: Aaslestad, Katherine,
  • Fechas asociadas al nombre: 1961-2021

375 ## - GÉNERO/SEXO

  • Género: Femenino

670 ## - FUENTE DE DATOS ENCONTRADOS

  • Cita de la fuente: El imperio napoleónico y la nueva cultura política europea, 2011
  • Información encontrada: $<tp> (Michael Broers, Agustín Guimerá y Peter Hicks (dirs.) ; Katherine Aaslestad, José älvarez Junco, Jean-René Aymes ... [et al.] ; introducción, Michael Broers)